=LDR 00000nam 2200000 4500 =001 001099 =005 20250713111448 =035 ##$$a 0010-0725000982 =007 ta =008 250713################a##########0#ind## =020 ##$$a 978-623-307-683-8 =082 ##$$a 398.209 598 =084 ##$$a 398.209 598 NAG r =100 #$$a Nagaraj, Vijaylakshmi =245 1#$$a Ringo, si Badak Kecil /$c Vijaylakshmi Nagaraj =250 ##$$a Cetakan Pertama =260 ##$$a Jakarta Timur :$b Badan Pengembangan dan Pembinaan Bahasa,$c 2022 =300 ##$$a 18 hal : $b ilus. ; $c 22 cm =650 #4$$a Literasi-Bahan Bacaan =600 #4$$a Cerita anak Indonesia - Terjemahan =856 ##$$a TBM AS SUHADA =990 ##$$a TBM202400996